<A> munkavédelem helye világhézetünkben. (Néhány személyes gondolat a Magyar Köztársaság Alkotmányának 70/D par.-ához).

Pojem "ochrany práce" v Ústave Maďarska. Ochrana práce z hľadiska ľudských práv, z hľadiska diskriminácie niektorých profesií a ženskej práce. Právo na podmienky pri práci, na ochranu a bezpečnosť, sociálne a zdravotné výdobytky a spravodlivé odmeňovanie pri práci. Právne otázky ochrany pri práci. Ú...

Descrizione completa

Salvato in:
Dettagli Bibliografici
Autore principale: Varga, L.
Natura: Capitolo di libro
Lingua:ungherese
Soggetti:
Tags: Aggiungi Tag
Nessun Tag, puoi essere il primo ad aggiungerne!!

MARC

LEADER 00000naa a2200000 4500
001 r006406
005 20221125113937.8
041 0 |a hun 
044 |a HU 
245 1 0 |a <A> munkavédelem helye világhézetünkben. (Néhány személyes gondolat a Magyar Köztársaság Alkotmányának 70/D par.-ához).  |c L. Varga 
520 |a Pojem "ochrany práce" v Ústave Maďarska. Ochrana práce z hľadiska ľudských práv, z hľadiska diskriminácie niektorých profesií a ženskej práce. Právo na podmienky pri práci, na ochranu a bezpečnosť, sociálne a zdravotné výdobytky a spravodlivé odmeňovanie pri práci. Právne otázky ochrany pri práci. Ústava, zákon a realita v Maďarsku. 
610 2 0 |a práca 
610 2 0 |a ochrana pracovníkov 
610 2 0 |a podmienky pracovné 
610 2 0 |a bezpečnosť práce 
610 2 0 |a odmeňovanie 
610 2 0 |a MR 
610 2 0 |a práva ľudské 
610 2 0 |a ústava 
610 2 0 |a práca žien 
100 1 |a Varga, L.